Fecha memorable para la Casa Provincial de la Caridad
Colección:
San Jorge,
; núm. 6 (abril 1952), pàg 62
Idioma:
Español
MARC
| LEADER | 00000naa a2200000 a 4500 | ||
|---|---|---|---|
| 003 | Arxiu | ||
| 005 | 20260324181027.0 | ||
| 008 | 160829s1952 spc xx s spa c | ||
| 040 | |a agdb | ||
| 245 | 0 | 0 | |a Fecha memorable para la Casa Provincial de la Caridad |
| 490 | |a San Jorge, |v núm. 6 (abril 1952), pàg 62 | ||
| 610 | 2 | 0 | |a Casa de Maternitat i Expòsits de Barcelona |x Aniversaris, etc. |9 54843 |
| 773 | |g núm. 6 (abril 1952), pàg 62 |t San Jorge. | ||
| 901 | |a Arxiu | ||
| 942 | |n 1 |2 udc |c ART | ||
| 952 | |0 0 |1 0 |4 0 |6 REV508 |7 1 |9 64654 |a Arxiu |b Arxiu |d 2022-12-02 |l 0 |o Rev-508 |r 2022-12-02 00:00:00 |w 2022-12-02 |y ARXIU |z També disponible a Rev-521 | ||
| 999 | |c 44150 |d 44150 | ||